The restless atmosphere.

Bibliographic Details
Main Author: Hare, F. Kenneth (Frederick Kenneth), 1919-
Format: Book
Language:English
Published: London, New York : Hutchinson's University Library, [1953]
Series:Hutchinson's university library: geography
Subjects:

MARC

Tag First Indicator Second Indicator Subfields
LEADER 00000cam a2200000 4500
001 in00000045779
005 20151007075252.0
008 730118s1953 enka 00000 eng u
010 |a  53011610  
035 |a (OCoLC)00542613 
035 |9 AAF2924AM 
040 |c WSU  |d TXA  |d UtOrBLW 
049 |a TXAM  |c [246988] 
050 0 |a QC981  |b .H3 
092 |a 551.5  |b H274r 
100 1 |a Hare, F. Kenneth  |q (Frederick Kenneth),  |d 1919- 
245 1 4 |a The restless atmosphere. 
264 1 |a London,  |a New York :  |b Hutchinson's University Library,  |c [1953] 
300 |a 192 pages :  |b illustrations ;  |c 19 cm. 
336 |a text  |b txt  |2 rdacontent 
337 |a unmediated  |b n  |2 rdamedia 
338 |a volume  |b nc  |2 rdacarrier 
490 0 |a Hutchinson's university library: geography 
650 0 |a Climatology. 
999 |a MARS 
999 f f |s 46f32dff-23cb-33d4-8f65-d0f94f4366c2  |i 4968d726-ff08-30f5-a332-ab81931182c9  |t 0 
952 f f |p ric  |a Texas A&M University  |b Rellis Campus  |c Joint Library Facility  |d Remote Storage  |t 0  |e QC981 .H3  |h Library of Congress classification  |i unmediated -- volume  |m A14800953501 
998 f f |a QC981 .H3  |t 0  |l Remote Storage